Datum a čas kvízu
34
Celkem bodů
Celkový počet nahraných bodů na tomto kvízu bez doplňovacích otázek.
3.
Pořadí na kvízu
Konečné umístění týmu na tomto kvízu.
Zaznamenané odpovědi
| # | Otázka | Odpověď | Body | Výsledky |
|---|---|---|---|---|
| 1. | Tento týden se zboural jeden z... | Restaurant U Severů | 1 | |
| 2. | V Saúdské Arábii byla ve střed... | havarijní pojištění | 0 | |
| 3. | Na streamovací platformě Netfl... | Barack Obama | 1 | |
| 4. | Vítězem prestižních anket Svět... | Hyundai Ioniq (5) | 1 | |
| 5. | Kdo se stal sportovcem roku ok... | Eva Samková | 1 | |
| 6. | V dalším díle této tematické s... | (aloe) vera | 1 | |
| 7. | Tato dvě africká zvířátka jsou... | včel | 1 | |
| 8. | Tato kočkovitá šelma střední... | karakal | 1 | |
| 9. | Tato rostlina je významná hlav... | kadidlo | 0 | |
| 10. | Africké národní parky patří k... | A) v Tanzánii | 1 |